Afrikan maantiede #1 - Statistics

Yleistilastot
  • Tätä visaa on pelattu 318 kertaa
  • Keskiarvotulos 13 / 20
Vastaustilastot
Kysymys Vastaus % Oikein
Mikä Afrikan valtio alkaa kirjaimella Z? Zimbabwe
95%
Mikä valtio on kokonaan Etelä-Afrikan ympäröimä? Lesotho
91%
Mikä saari on makien elinalue? Madagaskar
91%
Mikä on Afrikan eteläisin pääkaupunki? Kapkaupunki
89%
Mikä on Afrikan pohjoisin pääkaupunki? Tunis
87%
Mitkä ovat Afrikan kaksi korkeinta vuorta? Kilimanjaro
86%
Mikä saarivaltio sijaitsee Senegalista länteen? Kap Verde
84%
Mikä Aasian valtio sijaitsee alle 30 kilometrin päässä Djiboutista? Jemen
83%
Mitkä Espanjalle kuuluvat saaret sijaitsevat lähellä Marokon rannikkoa? Kanariansaaret
83%
Mikä on Egyptin toiseksi väkirikkain kaupunki? Aleksandria
73%
Mikä Etelä-Afrikan kieli on kehittynyt hollannista? Afrikaans
66%
Mikä kiistelty alue on osittain Marokon ja osittain Saharan demokraattisen arabitasavallan hallinnassa? Länsi-Sahara
65%
Mikä joki erottaa simpanssien ja bonobojen elinalueet toisistaan? Kongo
61%
Mikä Egyptin kaupunki on saanut lempinimen "maailman suurin ulkoilmamuseo"? Luxor
57%
Mikä kieli on saanut virallisen aseman Tansaniassa, Keniassa, Ugandassa, Kongon demokraattisessa tasavallassa ja Komoreilla? Swahili
56%
Mikä on Nigerian tärkein vientituote? Öljy
51%
Mikä on suurin pato Niilillä? Assuanin pato
41%
Mikä on Etelä-Afrikan valuutta? Etelä-Afrikan randi
32%
Mitkä ovat Afrikan kaksi korkeinta vuorta? Mount Kenya
29%
Mikä Tansanian ja Kenian etninen ryhmä elää osittain paimentolaista elämää, joka perustuu karjanhoitoon? Maasait
27%
Ehtoja vastaavia visoja ei löytynyt
Tulosjakauma
Jokaisen tuloksen saaneiden osuus
Persentiili vastausten määrän mukaan
Tuloshistoriasi
Et ole pelannut tätä visaa